<?xml version="1.0" encoding="UTF-8"?>
<record
    xmlns:xsi="http://www.w3.org/2001/XMLSchema-instance"
    xsi:schemaLocation="http://www.loc.gov/MARC21/slim http://www.loc.gov/standards/marcxml/schema/MARC21slim.xsd"
    xmlns="http://www.loc.gov/MARC21/slim">

  <leader>00275nam a22001097a 4500</leader>
  <controlfield tag="005">20250505110448.0</controlfield>
  <controlfield tag="008">230530b        |||||||| |||| 00| 0 eng d</controlfield>
  <datafield tag="022" ind1=" " ind2=" ">
    <subfield code="a">9770972685000</subfield>
  </datafield>
  <datafield tag="245" ind1=" " ind2=" ">
    <subfield code="a"> THE IUP JOURNAL OF CORPORATE GOVERNANCE</subfield>
  </datafield>
  <datafield tag="260" ind1=" " ind2=" ">
    <subfield code="b">IUP PUBLICATION </subfield>
  </datafield>
  <datafield tag="942" ind1=" " ind2=" ">
    <subfield code="c">JRL</subfield>
  </datafield>
  <datafield tag="999" ind1=" " ind2=" ">
    <subfield code="c">8314</subfield>
    <subfield code="d">8312</subfield>
  </datafield>
  <datafield tag="952" ind1=" " ind2=" ">
    <subfield code="0">0</subfield>
    <subfield code="1">0</subfield>
    <subfield code="4">0</subfield>
    <subfield code="7">0</subfield>
    <subfield code="a">JRU</subfield>
    <subfield code="b">JRU</subfield>
    <subfield code="d">2023-05-30</subfield>
    <subfield code="e">PURCHASE</subfield>
    <subfield code="h">VOL-XVIII   ISSUE NO.- 1  JAN-2019</subfield>
    <subfield code="l">0</subfield>
    <subfield code="p">CG0001</subfield>
    <subfield code="r">2023-05-30 00:00:00</subfield>
    <subfield code="w">2023-05-30</subfield>
    <subfield code="y">JRL</subfield>
  </datafield>
  <datafield tag="952" ind1=" " ind2=" ">
    <subfield code="0">0</subfield>
    <subfield code="1">0</subfield>
    <subfield code="4">0</subfield>
    <subfield code="7">0</subfield>
    <subfield code="a">JRU</subfield>
    <subfield code="b">JRU</subfield>
    <subfield code="d">2023-05-30</subfield>
    <subfield code="e">PURCHASE</subfield>
    <subfield code="h">VOL-XVIII   ISSUE NO.- 2  APR-2019</subfield>
    <subfield code="l">0</subfield>
    <subfield code="p">CG0002</subfield>
    <subfield code="r">2023-05-30 00:00:00</subfield>
    <subfield code="w">2023-05-30</subfield>
    <subfield code="y">JRL</subfield>
  </datafield>
  <datafield tag="952" ind1=" " ind2=" ">
    <subfield code="0">0</subfield>
    <subfield code="1">0</subfield>
    <subfield code="4">0</subfield>
    <subfield code="7">0</subfield>
    <subfield code="a">JRU</subfield>
    <subfield code="b">JRU</subfield>
    <subfield code="d">2023-05-30</subfield>
    <subfield code="e">PURCHASE</subfield>
    <subfield code="h">VOL-XVIII   ISSUE NO.- 3 JUL-2019</subfield>
    <subfield code="l">0</subfield>
    <subfield code="p">CG0003</subfield>
    <subfield code="r">2023-05-30 00:00:00</subfield>
    <subfield code="w">2023-05-30</subfield>
    <subfield code="y">JRL</subfield>
  </datafield>
  <datafield tag="952" ind1=" " ind2=" ">
    <subfield code="0">0</subfield>
    <subfield code="1">0</subfield>
    <subfield code="4">0</subfield>
    <subfield code="7">0</subfield>
    <subfield code="a">JRU</subfield>
    <subfield code="b">JRU</subfield>
    <subfield code="d">2023-05-30</subfield>
    <subfield code="e">PURCHASE</subfield>
    <subfield code="h">VOL-XVIII   ISSUE NO.- 4 OCT-2019</subfield>
    <subfield code="l">0</subfield>
    <subfield code="p">CG0004</subfield>
    <subfield code="r">2023-05-30 00:00:00</subfield>
    <subfield code="w">2023-05-30</subfield>
    <subfield code="y">JRL</subfield>
  </datafield>
  <datafield tag="952" ind1=" " ind2=" ">
    <subfield code="0">0</subfield>
    <subfield code="1">0</subfield>
    <subfield code="4">0</subfield>
    <subfield code="7">0</subfield>
    <subfield code="a">JRU</subfield>
    <subfield code="b">JRU</subfield>
    <subfield code="d">2023-05-30</subfield>
    <subfield code="e">PURCHASE</subfield>
    <subfield code="h">VOL-XIX   ISSUE NO.- 2  APR -2019</subfield>
    <subfield code="l">0</subfield>
    <subfield code="p">CG0005</subfield>
    <subfield code="r">2023-05-30 00:00:00</subfield>
    <subfield code="w">2023-05-30</subfield>
    <subfield code="y">JRL</subfield>
  </datafield>
  <datafield tag="952" ind1=" " ind2=" ">
    <subfield code="0">0</subfield>
    <subfield code="1">0</subfield>
    <subfield code="4">0</subfield>
    <subfield code="7">0</subfield>
    <subfield code="a">JRU</subfield>
    <subfield code="b">JRU</subfield>
    <subfield code="d">2023-05-30</subfield>
    <subfield code="e">PURCHASE</subfield>
    <subfield code="h">VOL-22   ISSUE NO.- 1  JAN-2023</subfield>
    <subfield code="l">0</subfield>
    <subfield code="p">CG0006</subfield>
    <subfield code="r">2023-05-30 00:00:00</subfield>
    <subfield code="w">2023-05-30</subfield>
    <subfield code="y">JRL</subfield>
  </datafield>
  <datafield tag="952" ind1=" " ind2=" ">
    <subfield code="0">0</subfield>
    <subfield code="1">0</subfield>
    <subfield code="4">0</subfield>
    <subfield code="7">0</subfield>
    <subfield code="8">IUP JOURNALS</subfield>
    <subfield code="a">JRU</subfield>
    <subfield code="b">JRU</subfield>
    <subfield code="c">JRL</subfield>
    <subfield code="d">2023-10-16</subfield>
    <subfield code="e">PURCHASE</subfield>
    <subfield code="h">VOI-22,ISSUE-03[JUL-2023]</subfield>
    <subfield code="l">0</subfield>
    <subfield code="p">CG0007</subfield>
    <subfield code="r">2023-10-17 11:14:43</subfield>
    <subfield code="w">2023-10-16</subfield>
    <subfield code="y">JRL</subfield>
  </datafield>
  <datafield tag="952" ind1=" " ind2=" ">
    <subfield code="0">0</subfield>
    <subfield code="1">0</subfield>
    <subfield code="4">0</subfield>
    <subfield code="7">0</subfield>
    <subfield code="a">JRU</subfield>
    <subfield code="b">JRU</subfield>
    <subfield code="c">JRL</subfield>
    <subfield code="d">2023-12-14</subfield>
    <subfield code="e">PURCHASE</subfield>
    <subfield code="h">VOL-22, ISSUE-04 [OCT-2023]</subfield>
    <subfield code="l">0</subfield>
    <subfield code="p">CG0008</subfield>
    <subfield code="r">2023-12-14 13:21:34</subfield>
    <subfield code="w">2023-12-14</subfield>
    <subfield code="y">JRL</subfield>
  </datafield>
  <datafield tag="952" ind1=" " ind2=" ">
    <subfield code="0">0</subfield>
    <subfield code="1">0</subfield>
    <subfield code="4">0</subfield>
    <subfield code="7">0</subfield>
    <subfield code="8">IUP JOURNALS</subfield>
    <subfield code="a">JRU</subfield>
    <subfield code="b">JRU</subfield>
    <subfield code="c">JRL</subfield>
    <subfield code="d">2025-05-05</subfield>
    <subfield code="e">SUBSCRIPTION</subfield>
    <subfield code="h">VOL-24, NO-1 [JANUARY-2025] </subfield>
    <subfield code="l">0</subfield>
    <subfield code="p">CG0009</subfield>
    <subfield code="r">2025-05-05 11:07:35</subfield>
    <subfield code="w">2025-05-05</subfield>
    <subfield code="y">JRL</subfield>
  </datafield>
  <datafield tag="952" ind1=" " ind2=" ">
    <subfield code="0">0</subfield>
    <subfield code="1">0</subfield>
    <subfield code="4">0</subfield>
    <subfield code="7">0</subfield>
    <subfield code="8">IUP JOURNALS</subfield>
    <subfield code="a">JRU</subfield>
    <subfield code="b">JRU</subfield>
    <subfield code="c">JRL</subfield>
    <subfield code="d">2025-08-28</subfield>
    <subfield code="e">SUBSCRIPTION</subfield>
    <subfield code="h">VOL-24, NO-02 [APRIL-2025]</subfield>
    <subfield code="l">0</subfield>
    <subfield code="p">CG0010</subfield>
    <subfield code="r">2025-08-28 14:34:40</subfield>
    <subfield code="w">2025-08-28</subfield>
    <subfield code="y">JRL</subfield>
  </datafield>
  <datafield tag="952" ind1=" " ind2=" ">
    <subfield code="0">0</subfield>
    <subfield code="1">0</subfield>
    <subfield code="4">0</subfield>
    <subfield code="7">0</subfield>
    <subfield code="a">JRU</subfield>
    <subfield code="b">JRU</subfield>
    <subfield code="c">JRL</subfield>
    <subfield code="d">2025-11-18</subfield>
    <subfield code="e">PURCHASE</subfield>
    <subfield code="h">VOL-24, NO-03 [JULY-SEP-2025]</subfield>
    <subfield code="l">0</subfield>
    <subfield code="p">CG0011</subfield>
    <subfield code="r">2025-11-18 12:52:44</subfield>
    <subfield code="w">2025-11-18</subfield>
    <subfield code="y">JRL</subfield>
  </datafield>
  <datafield tag="952" ind1=" " ind2=" ">
    <subfield code="0">0</subfield>
    <subfield code="1">0</subfield>
    <subfield code="4">0</subfield>
    <subfield code="7">0</subfield>
    <subfield code="8">IUP JOURNALS</subfield>
    <subfield code="a">JRU</subfield>
    <subfield code="b">JRU</subfield>
    <subfield code="c">JRL</subfield>
    <subfield code="d">2026-02-02</subfield>
    <subfield code="e">PURCHASE</subfield>
    <subfield code="h">VOL-24, ISSUE-04 [OCT-DEC 2025]</subfield>
    <subfield code="l">0</subfield>
    <subfield code="p">CG0012</subfield>
    <subfield code="r">2026-02-02 07:01:28</subfield>
    <subfield code="w">2026-02-02</subfield>
    <subfield code="y">JRL</subfield>
  </datafield>
  <datafield tag="952" ind1=" " ind2=" ">
    <subfield code="0">0</subfield>
    <subfield code="1">0</subfield>
    <subfield code="4">0</subfield>
    <subfield code="7">0</subfield>
    <subfield code="a">JRU</subfield>
    <subfield code="b">JRU</subfield>
    <subfield code="c">JRL</subfield>
    <subfield code="d">2026-04-11</subfield>
    <subfield code="e">PURCHASE</subfield>
    <subfield code="h">VOI-25, ISSUE-1 [JAN-MAR-2026]</subfield>
    <subfield code="l">0</subfield>
    <subfield code="p">CG0013</subfield>
    <subfield code="r">2026-04-11 16:32:25</subfield>
    <subfield code="w">2026-04-11</subfield>
    <subfield code="y">JRL</subfield>
  </datafield>
</record>
